The Igorot mummies : (Record no. 14534)
[ view plain ]
| 000 -LEADER | |
|---|---|
| fixed length control field | 00767nam a2200217 a 4500 |
| 003 - CONTROL NUMBER IDENTIFIER | |
| control field | PILC |
| 005 - DATE AND TIME OF LATEST TRANSACTION | |
| control field | 20160421161254.0 |
| 008 - FIXED-LENGTH DATA ELEMENTS--GENERAL INFORMATION | |
| fixed length control field | 040522s2003 xx 00 eng d |
| 010 ## - LIBRARY OF CONGRESS CONTROL NUMBER | |
| LC control number | Acc#33594 |
| 020 ## - INTERNATIONAL STANDARD BOOK NUMBER | |
| International Standard Book Number | 9712335429 |
| 040 ## - CATALOGING SOURCE | |
| Transcribing agency | Philippine Baptist Theological Seminary |
| 050 ## - LIBRARY OF CONGRESS CALL NUMBER | |
| Classification number | Fil DS 135 .P4 |
| Item number | P588 2003 |
| 100 10 - MAIN ENTRY--PERSONAL NAME | |
| Personal name | Picpican, Isikias |
| 245 14 - TITLE STATEMENT | |
| Title | The Igorot mummies : |
| Remainder of title | a socio-cultural and historical treatise / |
| Statement of responsibility, etc. | by Isikias "Ike" Picpican. |
| 260 0# - PUBLICATION, DISTRIBUTION, ETC (IMPRINT) | |
| Place of publication, distribution, etc. | Quezon City, Phils. : |
| Name of publisher, distributor, etc. | Rex Bookstore, Inc, |
| Date of publication, distribution, etc. | c2003. |
| 300 ## - PHYSICAL DESCRIPTION | |
| Extent | 130 p. : illus. ; 26 cm. |
| 500 ## - GENERAL NOTE | |
| General note | Includes bibliographical references. |
| 650 #4 - SUBJECT ADDED ENTRY--TOPICAL TERM | |
| Topical term or geographic name as entry element | IGOROTS (PHILIPPINE PEOPLE) |
| General subdivision | HISTORY |
| -- | CULTURAL ASPECTS |
| 650 #4 - SUBJECT ADDED ENTRY--TOPICAL TERM | |
| Topical term or geographic name as entry element | BENGUET |
| General subdivision | PHILIPPINES |
| -- | HISTORY |
| -- | SOCIAL ASPECTS |
| 942 ## - ADDED ENTRY ELEMENTS (KOHA) | |
| Koha item type | Circulation Books |
| Source of classification or shelving scheme | Library of Congress Classification |
| Withdrawn status | Lost status | Source of classification or shelving scheme | Damaged status | Not for loan | Home library | Current library | Shelving location | Date acquired | Source of acquisition | Cost, normal purchase price | Total Checkouts | Full call number | Barcode | Date last seen | Date last checked out | Price effective from | Koha item type |
|---|---|---|---|---|---|---|---|---|---|---|---|---|---|---|---|---|---|
| Dewey Decimal Classification | PBTS Library | PBTS Library | Filipiniana Section | 05/22/2004 | Gift | 1200.00 | 1 | Fil DS 135 .P4 P588 2003 | 33594 | 02/04/2026 | 02/11/2021 | 04/02/2015 | Circulation Books |